| Tag |
First Indicator |
Second Indicator |
Subfields |
| LEADER |
00000pam a2200000 i 4500 |
| 001 |
in00000665113 |
| 005 |
20190207094845.0 |
| 008 |
790827s1979 txuaf b 00110 eng |
| 010 |
|
|
|a 79007405
|
| 020 |
|
|
|a 0890960836 :
|c $15.75
|
| 035 |
|
|
|a (OCoLC)05413119
|
| 035 |
|
|
|9 ACX5909AM
|
| 040 |
|
|
|a DLC
|c DLC
|d TXA
|d UtOrBLW
|
| 043 |
|
|
|a n-us-tx
|
| 049 |
|
|
|a TXAM
|c 1 [1159602], 2 [1115850]
|a TXAS
|c 3 [txas], 4 [pres]
|
| 050 |
0 |
0 |
|a F391
|b .W33
|
| 082 |
0 |
|
|a 976.4/06
|
| 100 |
1 |
|
|a Wallace, Ernest.
|
| 245 |
1 |
4 |
|a The howling of the coyotes :
|b reconstruction efforts to divide Texas /
|c by Ernest Wallace.
|
| 250 |
|
|
|a 1st ed.
|
| 264 |
|
1 |
|a College Station :
|b Texas A&M University Press,
|c [1979]
|
| 264 |
|
4 |
|c ©1979
|
| 300 |
|
|
|a xii, 217 pages, 4 unnumbered leaves of plates :
|b illustrations ;
|c 24 cm.
|
| 336 |
|
|
|a text
|b txt
|2 rdacontent
|
| 337 |
|
|
|a unmediated
|b n
|2 rdamedia
|
| 338 |
|
|
|a volume
|b nc
|2 rdacarrier
|
| 500 |
|
|
|a The Cushing Library/Chapman Texas Collection copy is part of the Floyd & Louise Chapman Texas & Borderlands Collection.
|5 TXA
|
| 500 |
|
|
|a Includes index.
|
| 504 |
|
|
|a Bibliography: pages 193-199.
|
| 650 |
|
0 |
|a Reconstruction (U.S. history, 1865-1877)
|z Texas.
|
| 651 |
|
0 |
|a Texas
|x Politics and government
|y 1865-1950.
|
| 999 |
|
|
|a MARS
|
| 999 |
f |
f |
|s d3aa2512-0d92-3b4e-b3bc-9fec47d607a2
|i a6ce484f-d834-3277-89a0-04162494862c
|t 0
|
| 952 |
f |
f |
|p ric
|a Texas A&M University
|b Rellis Campus
|c Joint Library Facility
|d Remote Storage
|t 0
|e F391 .W33
|h Library of Congress classification
|i unmediated -- volume
|m A14802295022
|
| 952 |
f |
f |
|p noncirc
|a Texas A&M University
|b College Station
|c Cushing Memorial Library & Archives
|d Cushing: Chapman Texas Collection (Does not check out)
|t 0
|e F391 .W33
|h Library of Congress classification
|i unmediated -- volume
|m A14800329362
|
| 952 |
f |
f |
|p noncirc
|a Texas A&M University
|b College Station
|c Cushing Memorial Library & Archives
|d Cushing: Texas A&M Press (Does not check out)
|t 0
|e F391 .W33
|h Library of Congress classification
|i unmediated -- volume
|
| 998 |
f |
f |
|a F391 .W33
|t 0
|l Remote Storage
|
| 998 |
f |
f |
|a F391 .W33
|t 0
|l Cushing: Chapman Texas Collection (Does not check out)
|
| 998 |
f |
f |
|a F391 .W33
|t 0
|l Cushing: Texas A&M Press (Does not check out)
|